| 000 | 00714nam a2200253Ia 4500 | ||
|---|---|---|---|
| 003 | OSt | ||
| 005 | 20220928105048.0 | ||
| 006 | a|||||r|||| 00| 0 | ||
| 007 | ta | ||
| 008 | 220927b |||||||| |||| 00| 0 eng d | ||
| 024 | _a82856 | ||
| 037 | _cTextual | ||
| 040 |
_aSDCL _cSDCL _beng |
||
| 041 |
_2eng _aeng |
||
| 082 | _aX:51obU, P7 | ||
| 100 |
_aCliquet Gerard Ed. _9413533 |
||
| 245 | 0 |
_aGeomarketing _bMethods and strategies in spatial marketing |
|
| 260 |
_aLondon _bISTE _c2007 |
||
| 300 |
_a327p _ccm. |
||
| 490 | _aGeographical information systems series | ||
| 650 |
_aGeomarketing _9413534 |
||
| 942 |
_hX:51obU, P7 _cTEXL _2CC |
||
| 999 |
_c729318 _d729318 |
||